guess the kpop group by emoji - Statistics

General Stats
  • This quiz has been taken 2,253 times
  • The average score is 11 of 25
Answer Stats
Answer % Correct
SEVENTEEN
99%
BOYNEXTDOOR
87%
NewJeans
87%
BLACKPINK
83%
PURPLE KISS
80%
BABYMONSTER
74%
TXT
71%
EXO
67%
MAMAMOO
63%
Red Velvet
53%
TWICE
44%
BIGBANG
43%
KISS OF LIFE
37%
CHERRY BULLET
34%
STRAY KIDS
31%
tripleS
27%
NMIXX
25%
OH MY GIRL
24%
BADVILLAIN
23%
TREASURE
23%
ENHYPEN
21%
RIIZE
19%
LIGHTSUM
16%
FIFTY FIFTY
5%
ARTMS
2%
No matching quizzes found
Score Distribution
Percent of People with Each Score
Percentile by Number Answered
Your Score History
You have not taken this quiz